අ.පො.ස.සාමාන්‍ය පෙළ චිත්‍ර කලාව 10-11 ශ්‍රේණි නව නිර්දේශ ඇතුළත් ප්‍රශ්නෝත්තර (1150) සංග්‍රහය/

Saved in:
Bibliographic Details
Main Author: හෙට්ටිගේ, වී.මූ. දීවානි
Format: Book
Language:English
Sinhalese
Published: කොළඹ 10 : ගොඩගේ, 2016.
Edition:1 වන මුද්‍රණය.
Subjects:
Tags: Add Tag
No Tags, Be the first to tag this record!

MARC

LEADER 00000nam a22000007a 4500
003 LK-HbPL
005 20260408121507.0
008 260408b |||||||| |||| 00| 0 eng d
020 |a 9789553069320 
040 |a LK-HbPL  |b sin  |d LK-HbPL 
041 |a sin 
082 |2 23  |a 741  |b හෙට්ටි 
100 |a හෙට්ටිගේ, වී.මූ. දීවානි 
245 |a අ.පො.ස.සාමාන්‍ය පෙළ චිත්‍ර කලාව 10-11 ශ්‍රේණි නව නිර්දේශ ඇතුළත් ප්‍රශ්නෝත්තර (1150) සංග්‍රහය/  |c වී.මු. දිවානි හෙට්ටිගේ. 
250 |a 1 වන මුද්‍රණය. 
260 |a කොළඹ 10 :  |b ගොඩගේ,  |c 2016. 
300 |a පි.360 : චිත්‍ර ;  |c සෙ.මී.22 
650 0 |a චිත්‍ර කලාව 
942 |c LBK 
999 |c 13359  |d 13359